Survey (Record no. 83840)

MARC details
000 -LEADER
fixed length control field 00727cab a22001935a 4500
001 - CONTROL NUMBER
control field L155252
008 - FIXED-LENGTH DATA ELEMENTS--GENERAL INFORMATION
fixed length control field 120313e2012 xxk 000 0 eng d
035 ## - SYSTEM CONTROL NUMBER
System control number (Sirsi) u155252
041 0# - LANGUAGE CODE
Language code of text/sound track or separate title eng
110 2# - MAIN ENTRY--CORPORATE NAME
Corporate name or jurisdiction name as entry element Hogan Lovells
9 (RLIN) 5932
245 00 - TITLE STATEMENT
Title Survey
Remainder of title tax and legal
260 ## - PUBLICATION, DISTRIBUTION, ETC.
Date of publication, distribution, etc. 2012
490 #0 - SERIES STATEMENT
Series statement EuroProperty
Volume/sequential designation 5 March 2012, 25-29(5)
520 ## - SUMMARY, ETC.
Summary, etc. Covers progress on EU directives: Alternative Investment Fund Managers Directive; Solvency II, CRD IV; General Data Protection Directive. Surveys legislative change across Europe relating to property, focusing on the UK, Hungary, Spain, Germany, Russia, France, Italy and Poland.
590 ## - LOCAL NOTE (RLIN)
Local note KA
651 #4 - SUBJECT ADDED ENTRY--GEOGRAPHIC NAME
Geographic name Europe
690 ## - LOCAL SUBJECT ADDED ENTRY--TOPICAL TERM (OCLC, RLIN)
Topical term or geographic name as entry element Commercial property
9 (RLIN) 6227
942 ## - ADDED ENTRY ELEMENTS (KOHA)
Suppress in OPAC 0
Holdings
Withdrawn status Lost status Source of classification or shelving scheme Damaged status Not for loan Home library Current library Shelving location Date acquired Total Checkouts Full call number Barcode Date last seen Copy number Price effective from Koha item type
    Dewey Decimal Classification     London London Journal article 13/03/2012   L155252 155252-1001 06/08/2019 1 06/08/2019 Journal article